| 000 | 01202namaa22002891i 4500 | ||
|---|---|---|---|
| 003 | EG-GICUC | ||
| 005 | 20260414084525.0 | ||
| 008 | 260414s19uu le |||jr|||| 000 0 ara d | ||
| 040 |
_aEG-GiCUC _bara _cEG-GiCUC _dEG-GiCUC _erda |
||
| 082 | 0 | 4 |
_221 _a811.5 _bY35 |
| 092 | 0 | 4 |
_221 _a811.5 _bY35 |
| 099 | _a811.5 Y35 | ||
| 100 | 1 |
_aيازجى، ناصيف _d1800-1871 _eمؤلف. |
|
| 245 | 1 | 2 |
_aالعرف الطيب فى شرح ديوان أبى الطيب / _cللعالم العلامة اللغوى الشاعر المشهور الشيخ ناصيف اليازجى |
| 264 |
_aبيروت (لبنان) : _bدار صادر، _c[19--] |
||
| 300 |
_a؛ 2 مجلد _c24 سم |
||
| 336 |
_2rdacontent _atext |
||
| 337 |
_2rdamedia _aUnmediated |
||
| 338 |
_2rdacarrier _avolume |
||
| 504 | _aيشتمل على ارجاعات ببليوجرافية | ||
| 541 |
_aد. جابر عصفور ؛ _bالقاهرة ؛ _cإهداء ؛ _d2024. |
||
| 600 | 1 | 0 |
_aالمتنبى، ابو الطيب احمد بن الحسين، _d915 965- 916او _93502 |
| 650 | 1 | 7 |
_aالشعر العربى _xتاريخ _yالعصر العباسى الثانى _2qrmak |
| 651 | 1 | _2qrmak | |
| 905 | _aHuda | ||
| 942 |
_2ddc _cBK _e21 _n0 |
||
| 999 |
_c179451 _d179451 |
||